000
00329nam a22001457a 4500
008
210225b ||||| |||| 00| 0 eng d
020
_a
2900205805913
041
_a
eng
080
_2
6th
_a
316
082
_a
316
100
_a
50
101
_a
SOC
245
_a
Developemnt Across the Life Spam
_c
Feldman. R.S
942
_2
udc
_c
BK
999
_c
55240
_d
55240